03197cam a2200313 i 450000100190000000500170001900800410003601500160007701700440009302000180013704000540015504100080020910000400021724500410025725000180029826000410031630000230035749000230038052011320040352010500153565000340258565000420261965000340266165100310269565100400272694200080276695200940277499900150286899106130043380670620251112164440.0250310e202503 spc 000|f cat|c aLL20252bnc aDL B 2256-2025bBiblioteca de Catalunya a9788466433402 aES-BaUPCbEnglisherdacES-BaUPCdES-ViUdES-BaBC acat aBosch, Xavierd1967-eauthor92650010aDiagonal Manhattan c/ Xavier Bosch. aFirst edition aBarcelona :bColumna Edicions,c2025 a579 pages;c24 cm. aClàssica ;v1497 aL’Edda Leveroni rep un regal singular el dia que en fa vint-i-un: una estada d’un any a l’agència de publicitat de la Bianca B. Miller a Nova York. El 1989 l’Edda s’haurà d’obrir camí a Manhattan, en una agència on només treballen dones i en un univers de creativitat i d’anuncis que volen vendre la vida millorada. No pot sospitar, però, en quin món està a punt d’endinsar-se. A Barcelona, el Brauli Leveroni ha sabut convertir una petita agència a Diagonal-Tuset en una de les més exitoses d’una ciutat efervescent. El pare de l’Edda és admirat i envejat per les seves campanyes publicitàries. El Brauli viu a tot gas, adora aquests dies plens d’estímuls, d’eslògans i d’intrigues. Abocat al negoci, encara no ha tingut temps de preguntar-se per la felicitat. En aquesta novel·la pletòrica, Xavier Bosch mostra de nou la seva habilitat narrativa. Ens sedueix amb uns personatges dels quals sempre volem saber més, ens dissecciona la cara oculta del màrqueting més descarnat i ens manté atrapats en una història que ens porta més lluny del que imaginàvem. aOn her twenty-first birthday, Edda Leveroni receives an unusual gift: a year’s placement at Bianca B. Miller’s advertising agency in New York. In 1989, Edda must find her way in Manhattan, in an agency staffed entirely by women, within a world of creativity and adverts promising an improved life. She cannot yet suspect the world she is about to enter. In Barcelona, Brauli Leveroni has succeeded in turning a small agency on Diagonal-Tuset into one of the most successful in a vibrant city. Edda’s father is admired and envied for his advertising campaigns. Brauli lives life at full speed; he revels in these days brimming with stimuli, slogans and intrigue. Consumed by business, he has not yet stopped to ask himself what happiness might be. In this exuberant novel, Xavier Bosch once again demonstrates his narrative skill. He captivates us with characters we always wish to know more about, lays bare the hidden side of the most ruthless marketing, and holds us fast in a story that carries us further than we could have imagined. 0aAdvertising agenciesvFiction 0aFathers and daughtersvFiction922885 0aWomen in advertisingvFiction 0aBarcelona (Spain)vFiction 0aManhattan (New York, N.Y.)vFiction 2lcc 00102lcc4070aTBSbTBSd2025-08-26l0oP-CAT BOSpB05646r2025-08-26t1w2025-08-26y1 c4865d4865